Listen and play : with animals! : 2. ročník /

Main Author: Štiková, Věra
Other Authors: Schindlerová, Andrea
Language: English
Czech
Published: Brno : Nová škola, s.r.o., 2018-2021
Edition: Třetí vydání
Subjects:
Physical Description: 3 svazky : ilustrace (převážně barevné), noty ; 30 cm
Subscribed volumes: učebnice 1-2 , pracovní sešit
LEADER 02833nam a2200577 ia4500
001 nkc20183047388
003 CZ PrNK
005 20220112144511.0
007 ta
008 181024m20182021xr ag b p 000 0 eng
015 |a cnb003047388 
020 |a 978-80-7600-168-8  |q (učebnice ;  |q 1. díl ;  |q brožováno) 
020 |a 978-80-7600-231-9  |q (učebnice ;  |q 2. díl ;  |q brožováno) 
020 |a 978-80-7600-027-8  |q (pracovní sešit ;  |q brožováno) 
035 |a (OCoLC)1078644456 
040 |a ABA001  |b cze  |d BOA001  |e rda 
041 0 |a eng  |a cze 
072 7 |a 811.111  |x Angličtina  |2 Konspekt  |9 11 
072 7 |a 37.016  |x Učební osnovy. Vyučovací předměty. Učebnice  |2 Konspekt  |9 22 
080 |a 811.111  |2 MRF 
080 |a (075.2)  |2 MRF 
080 |a (076.1)  |2 MRF 
100 1 |a Štiková, Věra  |7 mzk2009512876  |4 aut 
245 1 0 |a Listen and play :  |b with animals! : 2. ročník /  |c Věra Štiková ; ilustrace Andrea Schindlerová 
246 3 |a Listen and play with animals! 
250 |a Třetí vydání 
264 1 |a Brno :  |b Nová škola, s.r.o.,  |c 2018-2021 
300 |a 3 svazky :  |b ilustrace (převážně barevné), noty ;  |c 30 cm 
336 |a text  |b txt  |2 rdacontent 
336 |a statický obraz  |b sti  |2 rdacontent 
337 |a bez média  |b n  |2 rdamedia 
338 |a svazek  |b nc  |2 rdacarrier 
500 |a Vytvořeno v souladu s RVP ZV, zařazeno do seznamu učebnic pro základní vzdělávání pro obor Cizí jazyk 
505 0 |a Učebnice. 1. díl. 2020. 55 stran -- Učebnice. 2. díl. 2021. 55 stran -- Pracovní sešit. 2018. 48 stran 
650 0 7 |a angličtina  |7 ph114056  |2 czenas 
650 0 9 |a English language  |2 eczenas 
655 7 |a učebnice základních škol  |7 fd133773  |2 czenas 
655 7 |a pracovní sešity  |7 fd133116  |2 czenas 
655 9 |a textbooks (elementary)  |2 eczenas 
655 9 |a activity books  |2 eczenas 
700 1 |a Schindlerová, Andrea  |7 ola2011623975  |4 ill 
910 2 |a BOA001  |b 4-1418.240  |s učebnice 1-2 , pracovní sešit 
990 |a BK 
995 |a 01 
991 |b 202109  |c NOV 
996 6 |b 2610761436  |c 4-1418.240  |d 1, pracovní sešit  |v 1  |l MZK  |r Sklad / do 1 hodiny  |n 0  |p p.v.  |w 001695555  |u 000010  |a 1  |e BOA001  |j MZK50  |s P 
996 7 |b 2610761437  |c 4-1418.240  |d 1, pracovní sešit  |v 1  |l MZK  |r Sklad / do 1 hodiny  |n 0  |p p.v.  |w 001695555  |u 000020  |a 1  |e BOA001  |j MZK50  |s A 
996 6 |b 2610830462  |c 4-1418.240  |d 2, učebnice 1  |v 2  |l MZK  |r Sklad / do 1 hodiny  |n 0  |p p.v.  |w 001695555  |u 000030  |a 1  |e BOA001  |j MZK50  |s P 
996 7 |b 2610830463  |c 4-1418.240  |d 2, učebnice 1  |v 2  |l MZK  |r Sklad / do 1 hodiny  |n 0  |p p.v.  |w 001695555  |u 000040  |a 1  |e BOA001  |j MZK50  |s A 
996 6 |b 2610878709  |c 4-1418.240  |d 3, učebnice 2  |v 3  |l MZK  |r Sklad / do 1 hodiny  |n 0  |p p.v.  |w 001695555  |u 000050  |a 1  |e BOA001  |j MZK50  |s P 
996 7 |b 2610878710  |c 4-1418.240  |d 3, učebnice 2  |v 3  |l MZK  |r Sklad / do 1 hodiny  |n 0  |p p.v.  |w 001695555  |u 000060  |a 1  |e BOA001  |j MZK50  |s A